000
00335nam a2200133Ia 4500
008
240624s9999 xx 000 0 und d
041
_a
eng
082
_a
658.4 THI
100
_a
THIEL PETER
245
_a
ZERO TO ONE NOTE ON START UPS OR HOW TO
260
_c
2014
_a
New Delhi
_b
Virgin Books
300
_a
210 p.; 22 cm.
365
_c
RS
999
_c
31864
_d
31864